| 000 | 00601nam a22002057a 4500 | ||
|---|---|---|---|
| 003 | 0 | ||
| 005 | 20251111144139.0 | ||
| 008 | 251111b xxu||||| |||| 00| 0 eng d | ||
| 020 | _a978-0-00-731214-6 | ||
| 050 |
_aPS 3562.I575 _b.B69 2010 |
||
| 100 |
_aBoyd, Noah, _eauthor. |
||
| 245 |
_aThe Bricklayer / _cNoah Boyd. |
||
| 260 |
_aLondon : _bHarper, _c2010. |
||
| 300 |
_a437 pages ; _c20 cm. |
||
| 650 | _aSuspense fiction. | ||
| 650 |
_aUnited States. Federal Bureau of Investigation _xFiction. |
||
| 650 |
_aEx-police officers _xFiction. |
||
| 650 |
_aConspiracies _xFiction. |
||
| 942 |
_2lcc _cBK |
||
| 999 |
_c368584 _d368584 |
||